Normal view MARC view

Entry Nombre de reunión

Number of records used in: 1

001 - NÚMERO DE CONTROL

  • campo de control: 41336

003 - IDENTIFICADOR DE NÚMERO DE CONTROL

  • campo de control: OSt

005 - FECHA Y HORA DE LA ÚLTIMA TRANSACCIÓN

  • campo de control: 20260415202408.0

008 - ELEMENTOS DE DATO DE LONGITUD-FIJA

  • campo de control de longitud fija: 260415|| aca||aabn | a|a d

040 ## - FUENTE DE CATALOGACIÓN

  • Centro catalogador/agencia de origen: OSt
  • Centro/agencia transcriptor: OSt

111 ## - ENCABEZAMIENTO--NOMBRE DE CONGRESO/REUNIÓN

  • Nombre de congreso/reunión o jurisdicción como elemento de entrada: CONCERTAZIONE INTERREGIONALE : REALTA' O UTOPIA?. IL NUOVO RUOLO DEI CONSIGLI SINDACALI INTERREGIONALI EUROPEI
  • Sede del congreso/Lugar de la reunión: . Villa San Remigio, Verbania)

670 ## - FUENTE DE DATOS ENCONTRADOS

  • Cita de la fuente: Work cat.: (OSt)61720: CONCERTAZIONE INTERREGIONALE : REALTA' O UTOPIA?. IL NUOVO RUOLO DEI CONSIGLI SINDACALI INTERREGIONALI EUROPEI . Villa San Remigio, Verbania), Seminario Concertazione Interregionale, 2009

Powered by Koha